Wirtschaftliche Effekte einer Osterweiterung der EU auf den Raum Wien (Record no. 6034)

MARC details
000 -LEADER
fixed length control field 00517nas a22001817i 4500
001 - CONTROL NUMBER
control field 6467
003 - CONTROL NUMBER IDENTIFIER
control field OSt
005 - DATE AND TIME OF LATEST TRANSACTION
control field 20170216211009.0
007 - PHYSICAL DESCRIPTION FIXED FIELD--GENERAL INFORMATION
fixed length control field tu
008 - FIXED-LENGTH DATA ELEMENTS--GENERAL INFORMATION
fixed length control field 161220s1996 xxu||||| |||| 00| 0 d
024 7# - OTHER STANDARD IDENTIFIER
Standard number or code 6467
Source of number or code RID
024 7# - OTHER STANDARD IDENTIFIER
Standard number or code 6467
Source of number or code RSN (alt)
040 ## - CATALOGING SOURCE
Transcribing agency OSt
100 1# - MAIN ENTRY--PERSONAL NAME
Personal name Mayerhofer, Peter
245 00 - TITLE STATEMENT
Title Wirtschaftliche Effekte einer Osterweiterung der EU auf den Raum Wien
Remainder of title Diskussionsfassung
260 ## - PUBLICATION, DISTRIBUTION, ETC.
Place of publication, distribution, etc. Wien :
Name of publisher, distributor, etc. Österreichisches Institut für Wirtschaftsforschung (WIFO),
Date of publication, distribution, etc. 1996.
700 1# - ADDED ENTRY--PERSONAL NAME
Personal name Geldner, Norbert
942 ## - ADDED ENTRY ELEMENTS (KOHA)
Koha item type Paper
Holdings
Withdrawn status Lost status Damaged status Not for loan Home library Current library Shelving location Date acquired Inventory number Total Checkouts Barcode Date last seen Price effective from Koha item type
        WIIW WIIW Library 08/04/2004 6467   10001964 01/26/2017 01/26/2017 Paper
The Vienna Instiute for International Economic Studies (wiiw)